000 00503nam a2200193 a 4500
001 1756814775861
003 ACL
005 20250902173949.0
008 250902s1976##################000#0#eng##
020 _a9780486233598
082 0 4 _a779.974721471
_bBYR
100 1 _aByron, Joseph,
_eauthor.
245 1 0 _aNew York Interiors at the Turn of the Century :
260 _bCourier Corporation,
_c1976.
300 _a180 pages
650 0 _aPhotography.
942 _cENGLISH
040 _aACL
_beng
_cACL
999 _c585071
_d585071